| 000 | 08205nam a2200421 i 4500 | ||
|---|---|---|---|
| 001 | 000047682 | ||
| 003 | DO-SdBNP | ||
| 005 | 20251022120750.0 | ||
| 007 | ta | ||
| 008 | 180719s2014 dr 000 0 spa d | ||
| 020 | _a9789945447842 | ||
| 040 |
_aDO-SdBNP _bspa _cBNPHU _erda |
||
| 041 | _aspa | ||
| 082 | 4 |
_a980.033 _bC749r 2011 _222 |
|
| 111 | 2 |
_aCongreso Internacional de la Asociación de Historiadores Latinoamericanos y del Caribe (ADHILAC) _n(10 : _d2011: _cSanto Domingo) _975282 |
|
| 245 | 1 | 4 |
_aLas revoluciones del siglo XX en la historia de América Latina y el Caribe : _bMemorias del X Congreso Internacional de la Asociación de Historiadores Latinaoamericanos y del Caribe (ADHISAC) / _ccompiladores, Ángela Altagracia Fernández Rosado, Jorge Enrique Elías-Caro. |
| 246 | 0 | 3 | _aMemorias del X Congreso Internacional de la Asociación de Historiadores Latinaoamericanos y del Caribe (ADHISAC) |
| 264 | 4 |
_aSanto Domingo : _bUniversidad Autónoma de Santo Domingo (UASD), _c©2014. |
|
| 300 |
_a504 páginas ; _c28 cm. |
||
| 336 |
_atexto _btxt _2rdacontent |
||
| 337 |
_asin mediación _bn _2rdamedia |
||
| 338 |
_avolumen _bnc _2rdacarrier |
||
| 505 | 0 | _aHechos, actores e idiologías de las revoluciones centroamericanas. Ixiles, guerrilla y ejército en Guatemala : David Stoll y la cuestión de la memoria revolucionaria / Sergio Palencia Frener ; Los pactos políticos en los discursos del Partido Unificación Nacional, durante la campaña electoral de 1966 en Costa Rica : una reconstrucción de la memoria de la guerra civil de 1948 / Manuel Gamboa Brenes ; La Legión del Caribe vista a través de los testimonios centroamericanos / Dra. Elizet Payne Iglesias ; La revolución desde la contrarrevolución : la visión de ex combatientes discapacitados años después / Dra. Verónica Rueda Estrada ; La fruta amarga de la primavera guatemalteca : guerra fría e intereses extranjeros : 1944-1954 / Patricia Brito Camacho ; El viaje de las ideas : "la revolución de octubre", en Guatemala (1944-1954) y el proceso de las reformas sociales en Honduras entre 1949-1954 / Yesenia Martínez García -- México y las distintas expresiones de su revolución. Lázaro Cárdenas y la Revolución mexicana / Dr. Alejo Maldonado Gallardo ; Un medio de expresión de los exiliados de la Revolución mexicana : la América española / Claudia González Gómez ; Discriminación contra chinos durante la Revolución mexicana / Catalina Velásquez Morales ; Expresiones políticas e ideológicas en la Revolución mexicana : el caudillismo, herencia de la guerra civil agraria de 1910 en México / Alcira Soler Durán ; La economía mexicana en la posrevolución : 1910-1960 / Feliciano García Aguirre ; El culto al progreso, el orden y la heroicidad durante el gobierno de Porfirio Díaz / Leonardo Bastida Aguilar ; Manuel Gamio y la Revolución mexicana / Ignacio Medina Alegría ; Influencias de la revolución mexicana en los movimientos obreros y sindicales en Colombia / Jorge Enrique Elías Caro ; Historia, revolución y educación en México en el siglo XX / Jenaro Reynoso Jaime -- Las mujeres en l | |
| 505 | 0 | _aHechos, actores e ideologías de las revoluciones centroamericanas. Ixiles, guerrilla y ejército en Guatemala : David Stoll y la cuestión de la memoria revolucionaria / Sergio Palencia Frener ; Los pactos políticos en los discursos del Partido Unificación Nacional, durante la campaña electoral de 1966 en Costa Rica : una reconstrucción de la memoria de la guerra civil de 1948 / Manuel Gamboa Brenes ; La Legión del Caribe vista a través de los testimonios centroamericanos / Dra. Elizet Payne Iglesias ; La revolución desde la contrarrevolución : la visión de ex combatientes discapacitados años después / Dra. Verónica Rueda Estrada ; La fruta amarga de la primavera guatemalteca : guerra fría e intereses extranjeros : 1944-1954 / Patricia Brito Camacho ; El viaje de las ideas : "la revolución de octubre", en Guatemala (1944-1954) y el proceso de las reformas sociales en Honduras entre 1949-1954 / Yesenia Martínez García -- México y las distintas expresiones de su revolución. Lázaro Cárdenas y la Revolución mexicana / Dr. Alejo Maldonado Gallardo ; Un medio de expresión de los exiliados de la Revolución mexicana : la América española / Claudia González Gómez ; Discriminación contra chinos durante la Revolución mexicana / Catalina Velásquez Morales ; Expresiones políticas e ideológicas en la Revolución mexicana : el caudillismo, herencia de la guerra civil agraria de 1910 en México / Alcira Soler Durán ; La economía mexicana en la posrevolución : 1910-1960 / Feliciano García Aguirre ; El culto al progreso, el orden y la heroicidad durante el gobierno de Porfirio Díaz / Leonardo Bastida Aguilar ; Manuel Gamio y la Revolución mexicana / Ignacio Medina Alegría ; Influencias de la revolución mexicana en los movimientos obreros y sindicales en Colombia / Jorge Enrique Elías Caro ; Historia, revolución y educación en México en el siglo XX / Jenaro Reynoso Jaime -- Las mujeres en las revoluciones latinoamericanas. El sufragio femenino y la revolución liberal en el Ecuador / Mgtra. Jenny Londoño López ; La Revolución guatemalteca y la participación de las mujeres / Guadalupe Rodríguez de Ita ; Participación de mujeres durante el proceso revolucionario desde 1959 hasta la Guerra de Abril de 1965 / Reina C. Rosario Fernández -- 1965 : arte y revolución en la República Dominicana / Zoila Anitza Gutiérrez -- Imaginario y juventud durante la Revolución de Abril de 1965, República Dominicana / Jacqueline Álvarez -- "La historia me absolverá" de Fidel y la Revolución latinoamericana / Franklin J. Franco -- Alcance nacional de la Revolución de Abril de 1965 : caso San Francisco de Macorís, Santiago y otros pueblos / Ángela Altagracia Fernández R. -- Bosch, su idea democratizadora, la Revolución de Abril y el proceso de legitimación de Balaguer / María Beatriz Torres Contreras, José Juan Méndez Ramírez -- Política, cultura y sociedad en el pensamiento antitrujillista de José Cordero Michel 1931-1959) / José G. Guerrero -- El momento desafiante de la Radio Constitucionalista / Fernando Casado -- Ecos de la Revolución cubana : en la selva de Orán, Salta, Argentina / Juan Carlos B. Wizny, María Elina Tejerina -- Recepción e impacto de la Revolución cubana en la Izquierda Uruguaya (1959-1967) / Jaime Yaffé -- Revolución del 30 e historiografía en Cuba / Dr. Arturo Sorhegui -- Cayo Confites, 1947 confluencia pre-vanguardista política en el Caribe / Mario Mencía -- Debates políticos y socio culturales en la Argentina de los sesenta : el impacto de la Revolución cubana / Carolina Crisorio -- La Revolución cubana y la cinematografía argentina de los años sesenta / Natalia Fernández Crisorio -- El movimiento nacional revolucionario y Rafael García Bárcena : el primer liderazgo insurreccional de la Revolución cubana contra Fulgencio Batista / Luis Alberto Pérez Llody -- La Revolución cubana vista desde España / Gonçal A. López Nadal -- Un proyecto frustrado en el centenario de las independencias / Pilar Cagiao Vila, Rosario Márquez Macías. | |
| 590 | _aInventariado, 2018/VM | ||
| 650 | 4 |
_aRevoluciones _zAmérica Latina _xHistoria _ySiglo XX _vCongresos, conferencias, etc. _975283 |
|
| 650 | 4 |
_aRevoluciones _zCaribe (Región) _xHistoria _ySiglo XX _vCongresos, conferencias, etc. _987484 |
|
| 650 | 4 |
_aResistencia civil _zCaribe (Región) _ySiglo XX _vCongresos, conferencias, etc. _987485 |
|
| 651 | 4 |
_aAmérica Latina _xHistoria _vCongresos, conferencias, etc. _975285 |
|
| 651 | 4 |
_aAmérica Latina _xPolítica y gobierno _ySiglo XX _vCongresos, conferencias, etc. _987486 |
|
| 651 | 0 |
_aCaribe (Región) _xPolítica y gobierno _ySiglo XX _vCongresos, Conferencias, etc. _987401 |
|
| 651 | 4 |
_aCaribe (Región) _987401 |
|
| 700 | 1 |
_aFernández Rosado, Ángela Altagracia, _ecompilador _4comp. _975286 |
|
| 700 | 1 |
_aElías Caro, Jorge Enrique, _ecompilador _975287 _4comp. |
|
| 710 | 2 |
_aAsociación de Historiadores Latinoamericanos y del Caribe _975288 |
|
| 910 | _aValidado. Control de calidad MFF | ||
| 942 |
_2ddc _cLBS1 |
||
| 999 |
_c47170 _d47170 |
||